Miasta, które pokonują Nowy Jork - Statystyki

Ogólne statystyki
  • Ten quiz został rozwiązany 33 razy
  • Średni wynik to 8 z 15
Statystyki odpowiedzi
Ranga Kategoria Miasta % Poprawnych
7 Najwyższy budynek Dubaj | Kuala Lumpur | Szanghaj | Mekka | Shenzhen | Seul
92%
5 Najbardziej wysunięte na północ megamiasto (populacja miejska > 10 milionów) Moskwa | Londyn | Paryż | Stambuł
88%
7 Najwięcej restauracji z gwiazdkami Michelin (2024) Tokio | Kyoto | Paryż | Osaka | Londyn | Hongkong
79%
6 (r) Najludniejsze miasto w roku 1850 Londyn | Paryż | Pekin | Kanton | Stambuł
75%
2 Najwięcej pasażerów na lotnisku (licząc wszystkie lotniska obsługujące miasto) Londyn
71%
3 Najludniejszy obszar zurbaniowany w Ameryce Meksyk | São Paulo
71%
4 Obszar zurbanizowany z najwcześniejszą restauracją z pizzą Neapol | Rzym | Wenecja
67%
3 Najwięcej wieżowców Hongkong | Shenzhen
54%
4 Więcej stacji metra Szanghaj | Kanton | Seul
54%
5 Najbardziej zaludniony obszar zurbanizowany, którego centrum znajduje się na wyspie Tokio | Dżakarta | Manila | Mumbaj
54%
2 Najludniejszy obszar zurbanizowany, który kiedyś był kolonią holenderską Dżakarta
42%
2 Najludniejsze miasto w USA w 1776 roku Filadelfia
33%
2 Obszar zurbanizowany z największą liczbą ludności żydowskiej Tel Awiw
33%
2 Miasto z najcenniejszą franczyzą sportową (wskazówka: najcenniejsza jest drużyna NFL) Dallas
13%
9 Najstarsze nieprzerwanie zamieszkane miasto w 50 stanach USA. Saint Augustine | Santa Fe | Hopewell | Albany | Taos | Plymouth | Dover | Gloucester
8%
Nie znaleziono quizów pasujących do podanych kryteriów
Rozkład punktacji
Procent ludzi z każdym wynikiem
Percentyl według liczby udzielonych odpowiedzi
Twoja historia wyników
Nie rozwiązałeś tego quizu